| 000 | 00899cab a2200229 4500 | ||
|---|---|---|---|
| 001 | X3873 | ||
| 008 | 090401t1997 xxu||||| |||| 00| 0 eng d | ||
| 035 | _a(Sirsi) u33499 | ||
| 041 | _aeng | ||
| 245 | _aHayes v Humberside Valuation Tribunal and Kingston-upon- Hull CC | ||
| 260 | _c1997 | ||
| 350 | _a0 | ||
| 490 |
_aNew Property Cases _v[1997] NPC 4(2) |
||
| 520 | _aQBD 24 January 1997. Where property is let to students in multiple occupation and during the term of let one of the tenants ceases to be a student, the freehold landlord is assessable to Council Tax. TAKEN FROM REPORT HEADING - NOT TO BE PHOTOCOPIED. | ||
| 650 | _aCOUNCIL TAX | ||
| 650 | _aHAYES V HUMBERSIDE VALAUTION TRIBUNAL AND KINGSTON-UPON-HULL CC | ||
| 650 | _aHOUSES IN MULTIPLE OCCUPATION | ||
| 650 | _aSTUDENT ACCOMMODATION | ||
| 690 | _aRATING AND VALUATION-CASE LAW | ||
| 942 | _n0 | ||
| 948 | _c04/03/1997 | ||
| 999 |
_c22375 _d22375 |
||